246 cách gấp khăn ăn

Saved in:
Bibliographic Details
Format: Book
Language:Undetermined
Published: Hà Nội Phụ Nữ 2004
Subjects:
Tags: Add Tag
No Tags, Be the first to tag this record!
Institutions: Trung tâm Học liệu Trường Đại học Cần Thơ
LEADER 00471nam a2200181Ia 4500
001 CTU_73923
008 210402s9999 xx 000 0 und d
020 |b 49000 
082 |a 642 
082 |b H103 
245 0 |a 246 cách gấp khăn ăn 
245 0 |c Kỳ Thanh (dịch) 
260 |a Hà Nội 
260 |b Phụ Nữ 
260 |c 2004 
650 |a Table service 
904 |i Mai Loan, QHieu 
980 |a Trung tâm Học liệu Trường Đại học Cần Thơ